Les figurines anthropomorphes en terre cuite à l'âge du Bronze en Syrie /

محفوظ في:

المؤلف الرئيسي: Badre, Leila (مؤلف)

التنسيق: كتاب

اللغة: French

منشور في: Paris : Librairie orientaliste P. Geuthner, 1980.

سلاسل: Bibliotheque archeologique et historique ; 103.
BAH ; 103.

الموضوعات:

الوسوم: إضافة وسم

لا توجد وسوم, كن أول من يضع وسما على هذه التسجيلة!

رقم الطلب: DS93 .F8 v.103

LEADER 01142namaa2200313 4500
001 22599
003 OSt
005 20211128115931.0
008 130303s1980 fr f g b 000 0 fre d
952 |0 0  |1 0  |2 lcc  |3 V.103  |4 0  |6 DS0093 F8 V.00103  |7 1  |9 23557  |a ARCE  |b ARCE  |d 2021-11-28  |l 0  |o DS93 .F8 v.103  |p 1021426  |r 2021-11-28 00:00:00  |w 2021-11-28  |y BK 
999 |c 28725  |d 28725 
010 |a 81152477  
040 |c ARCE Library 
043 |a a-sy---  
050 4 |a DS93 .F8 v.103 
100 1 |a Badre, Leila,   |e author  |9 26038 
245 1 4 |a Les figurines anthropomorphes en terre cuite à l'âge du Bronze en Syrie /  |c Leila Badre. 
264 1 |a Paris :   |b Librairie orientaliste P. Geuthner,   |c 1980. 
300 |a xxxii, 439 pages, [70] pages of plates ;  |c 29 cm.  
490 1 |a Bibliotheque archeologique et historique ;   |v 103. 
490 1 |a BAH ;   |v 103. 
504 |a Bibliography : pages [xiii]-xxxii.  
650 0 |a Bronze age  |z Syria.  
650 0 |a Pottery figures, Prehistoric  |z Syria.  
651 0 |a Syria  |x Antiquities. 
830 0 |a Bibliotheque archeologique et historique ;   |v 103. 
830 0 |a BAH ;   |v 103. 
901 |a reviewed 
942 |c BK  |2 lcc